[Event "Midland Ch Forrest Cup"]
[Site "Derby"]
[Date "1994.03.18"]
[Round "1"]
[White "Alcock, Michael W"]
[Black "Gilmore, Simon N"]
[Result "1-0"]
[WhiteElo "2160"]
[BlackElo "1920"]
[PlyCount "57"]
[EventDate "1994.03.18"]
[EventType "swiss"]
[EventRounds "6"]
[EventCountry "ENG"]
[SourceTitle "BritBase"]
[Source "John Saunders"]
[SourceDate "2022.11.28"]
[SourceVersion "1"]
[SourceVersionDate "2022.08.23"]
[SourceQuality "1"]

1. d4 Nf6 2. c4 g6 3. Nc3 d5 4. Nf3 Bg7 5. Qb3 dxc4 6. Qxc4 O-O 7. Bf4 c6 8. e4
Be6 9. Qd3 h6 10. Be2 Qb6 11. O-O Na6 12. Rad1 Rfd8 13. Ne5 Nh5 14. Bxh5 gxh5
15. Qg3 Kh7 16. d5 Bxe5 17. Bxe5 Rg8 18. Qf3 f6 19. dxe6 fxe5 20. Rd7 Rg7 21.
Qf5+ Kg8 22. Qxe5 Nc5 23. Rd2 Rg5 24. Qd4 Qc7 25. f4 Nxe6 26. Qc4 Qb6+ 27. Kh1
Rg6 28. f5 Rf6 29. e5 1-0

[Event "Midland Ch Forrest Cup"]
[Site "Derby"]
[Date "1994.03.18"]
[Round "1"]
[White "Archer-Lock, Christopher J"]
[Black "Cammack, George E"]
[Result "1-0"]
[WhiteElo "2008"]
[BlackElo "1384"]
[PlyCount "39"]
[EventDate "1994.03.18"]
[EventType "swiss"]
[EventRounds "6"]
[EventCountry "ENG"]
[SourceTitle "BritBase"]
[Source "John Saunders"]
[SourceDate "2022.11.28"]
[SourceVersion "1"]
[SourceVersionDate "2022.08.23"]
[SourceQuality "1"]

1. e4 g6 2. d4 Bg7 3. Nc3 d6 4. Nf3 Nd7 5. Be2 Ngf6 6. O-O O-O 7. h3 c6 8. Be3
Qc7 9. Qd2 Re8 10. Rad1 Nf8 11. Rfe1 e5 12. dxe5 dxe5 13. Bc5 Bd7 14. Bd6 Qc8
15. Nxe5 Nxe4 16. Nxe4 Bxe5 17. Bxe5 Re6 18. Nf6+ Rxf6 19. Bxf6 Be6 20. Qh6 1-0

[Event "Midland Ch Forrest Cup"]
[Site "Derby"]
[Date "1994.03.18"]
[Round "1"]
[White "Cohen, Aron J"]
[Black "Moss, Neil"]
[Result "0-1"]
[WhiteElo "2152"]
[BlackElo "1984"]
[PlyCount "84"]
[EventDate "1994.03.18"]
[EventType "swiss"]
[EventRounds "6"]
[EventCountry "ENG"]
[SourceTitle "BritBase"]
[Source "John Saunders"]
[SourceDate "2022.11.28"]
[SourceVersion "1"]
[SourceVersionDate "2022.08.23"]
[SourceQuality "1"]

1. e4 c5 2. c3 Nf6 3. e5 Nd5 4. d4 cxd4 5. cxd4 Nc6 6. Nc3 Nxc3 7. bxc3 d5 8.
f4 Bf5 9. Nf3 e6 10. Be2 Be7 11. O-O O-O 12. a4 Rc8 13. Bd3 Na5 14. Bxf5 exf5
15. Qd3 g6 16. Nd2 Qc7 17. Rf3 Nc4 18. Nf1 Qd7 19. Rh3 Rc6 20. Qc2 Rfc8 21. Nd2
Nxd2 22. Bxd2 Bb4 23. Rb1 Ba5 24. Rb3 Rc4 25. Rb5 b6 26. Qd3 Rxa4 27. Rb1 Rac4
28. Rc1 b5 29. Qg3 b4 30. Qh4 h5 31. Qf6 Qd8 32. Qxd8+ Bxd8 33. Kf1 bxc3 34.
Rhxc3 Rxc3 35. Rxc3 Rxc3 36. Bxc3 Kf8 37. Ke1 Ke8 38. Kd1 Kd7 39. Kc2 Kc6 40.
Kb3 Kb5 41. Bb4 Bb6 42. Kc3 Ba5 0-1

[Event "Midland Ch Forrest Cup"]
[Site "Derby"]
[Date "1994.03.18"]
[Round "1"]
[White "Cooper, Lawrence"]
[Black "Mercs, Peter J"]
[Result "1-0"]
[WhiteElo "2288"]
[BlackElo "1984"]
[PlyCount "104"]
[EventDate "1994.03.18"]
[EventType "swiss"]
[EventRounds "6"]
[EventCountry "ENG"]
[SourceTitle "BritBase"]
[Source "John Saunders"]
[SourceDate "2022.11.28"]
[SourceVersion "1"]
[SourceVersionDate "2022.08.23"]
[SourceQuality "1"]

1. e4 c5 2. Nf3 d6 3. d4 cxd4 4. Nxd4 Nf6 5. Nc3 e6 6. g4 Nc6 7. g5 Nd7 8. Be3
Be7 9. h4 a6 10. Qd2 O-O 11. O-O-O Nxd4 12. Qxd4 b5 13. Kb1 Bb7 14. h5 Rc8 15.
h6 e5 16. Qd2 g6 17. Nd5 Bxd5 18. exd5 Nc5 19. Bg2 Na4 20. f4 exf4 21. Bxf4 Rc4
22. c3 Rxf4 23. Qxf4 Bxg5 24. Qf2 Bf6 25. Qc2 Qa5 26. Rhf1 Be5 27. Bh3 b4 28.
Be6 Nxc3+ 29. bxc3 bxc3 30. Rxf7 Rxf7 31. Qb3 c2+ 32. Kxc2 Qc7+ 33. Kb1 Kf8 34.
Rc1 Qa7 35. Rc8+ Ke7 36. Bxf7 Kxf7 37. Qb8 Qg1+ 38. Rc1 Qg2 39. Qc7+ Kf6 40.
Qc2 Qxd5 41. Rf1+ Kg5 42. Qc1+ Kh5 43. Rh1+ Kg4 44. Qd1+ Qxd1+ 45. Rxd1 g5 46.
Kc2 Kh3 47. Kd3 g4 48. Ke4 g3 49. Kf3 g2 50. Rg1 Bf4 51. Rxg2 Bxh6 52. Rg8 Bd2
1-0

[Event "Midland Ch Forrest Cup"]
[Site "Derby"]
[Date "1994.03.18"]
[Round "1"]
[White "Dyce, Andrew"]
[Black "Tait, Jonathan A"]
[Result "1/2-1/2"]
[WhiteElo "1904"]
[BlackElo "2096"]
[PlyCount "69"]
[EventDate "1994.03.18"]
[EventType "swiss"]
[EventRounds "6"]
[EventCountry "ENG"]
[SourceTitle "BritBase"]
[Source "John Saunders"]
[SourceDate "2022.11.28"]
[SourceVersion "1"]
[SourceVersionDate "2022.08.23"]
[SourceQuality "1"]

1. e4 e5 2. Nf3 Nc6 3. Bb5 f5 4. Nc3 fxe4 5. Nxe4 d5 6. Nxe5 dxe4 7. Nxc6 Qg5
8. Qe2 Nf6 9. f4 Qxf4 10. Ne5+ c6 11. d4 Qh4+ 12. g3 Qh3 13. Nxc6 a6 14. Ba4
Bd7 15. Bg5 Qg4 16. Qxg4 Nxg4 17. d5 h6 18. Bf4 Bc5 19. b4 Bb6 20. c4 Nf2 21.
c5 Nd3+ 22. Kd2 Nxf4 23. gxf4 Ba7 24. b5 axb5 25. Nxa7 bxa4 26. c6 Rxa7 27.
cxd7+ Kxd7 28. Ke3 Re8 29. Rhg1 Re7 30. Rg6 Ra6 31. Rxa6 bxa6 32. Rd1 g5 33.
fxg5 hxg5 34. Rd4 Rh7 35. Rxa4 1/2-1/2

[Event "Midland Ch Forrest Cup"]
[Site "Derby"]
[Date "1994.03.18"]
[Round "1"]
[White "Escott, Keith L"]
[Black "Hebden, Mark L"]
[Result "0-1"]
[WhiteElo "2000"]
[BlackElo "2544"]
[PlyCount "35"]
[EventDate "1994.03.18"]
[EventType "swiss"]
[EventRounds "6"]
[EventCountry "ENG"]
[SourceTitle "BritBase"]
[Source "John Saunders"]
[SourceDate "2022.11.28"]
[SourceVersion "1"]
[SourceVersionDate "2022.08.23"]
[SourceQuality "1"]

1. e4 e5 2. Bc4 Nf6 3. d3 Nc6 4. Nf3 Be7 5. O-O O-O 6. Re1 d6 7. a4 Kh8 8. c3
Ng8 9. d4 Bg4 10. d5 Nb8 11. Bd3 g6 12. h3 Bxf3 13. Qxf3 Bg5 14. Be3 Nd7 15. a5
a6 16. b4 f5 17. exf5 gxf5 18. Bxf5 {(no more moves given - unlikely to be the
end of the game, unless White contrived to lose on time)} 0-1

[Event "Midland Ch Forrest Cup"]
[Site "Derby"]
[Date "1994.03.18"]
[Round "1"]
[White "Garabetyan, Arno"]
[Black "Rose, Kenneth T"]
[Result "0-1"]
[WhiteElo "1984"]
[BlackElo "1928"]
[PlyCount "95"]
[EventDate "1994.03.18"]
[EventType "swiss"]
[EventRounds "6"]
[EventCountry "ENG"]
[SourceTitle "BritBase"]
[Source "John Saunders"]
[SourceDate "2022.11.28"]
[SourceVersion "1"]
[SourceVersionDate "2022.08.23"]
[SourceQuality "1"]

1. e4 c5 2. Nf3 d6 3. g3 Nc6 4. Bg2 g6 5. d3 Bg7 6. O-O e6 7. Re1 Nge7 8. a4
O-O 9. Na3 d5 10. e5 a6 11. Bf4 h6 12. h4 Nf5 13. c3 Qb6 14. Rb1 Bd7 15. b3
Rac8 16. Rb2 Qa5 17. Qb1 Qd8 18. Qd1 Qe7 19. Nb1 b5 20. axb5 axb5 21. Nbd2 Qd8
22. Nf1 d4 23. c4 bxc4 24. bxc4 Rb8 25. Rxb8 Qxb8 26. N1d2 Rc8 27. Qe2 Qb2 28.
Rb1 Qc2 29. Rb7 Be8 30. Kh2 h5 31. Ne1 Qa2 32. Qe4 Nh6 33. Bh3 Qa8 34. Rb3 Nxe5
35. Qxa8 Nhg4+ 36. Bxg4 Nxg4+ 37. Kg2 Rxa8 38. Bd6 Bc6+ 39. Kf1 Ra2 40. Ne4
Bxe4 41. dxe4 Rxf2+ 42. Kg1 Re2 43. Nf3 Bh6 44. Rb8+ Kg7 45. Bf8+ Kf6 46. e5+
Nxe5 47. Nxe5 Be3+ 48. Kf1 0-1

[Event "Midland Ch Forrest Cup"]
[Site "Derby"]
[Date "1994.03.18"]
[Round "1"]
[White "Grinsell, Lee A"]
[Black "Ledger, Dave J"]
[Result "1/2-1/2"]
[WhiteElo "1984"]
[BlackElo "2272"]
[PlyCount "60"]
[EventDate "1994.03.18"]
[EventType "swiss"]
[EventRounds "6"]
[EventCountry "ENG"]
[SourceTitle "BritBase"]
[Source "John Saunders"]
[SourceDate "2022.11.28"]
[SourceVersion "1"]
[SourceVersionDate "2022.08.23"]
[SourceQuality "1"]

1. e4 e5 2. Nf3 Nc6 3. Bc4 Bc5 4. Nc3 Nf6 5. d3 d6 6. Be3 Bb6 7. Bb3 Bg4 8. h3
Bh5 9. g4 Bg6 10. Qe2 Nd7 11. a3 Nc5 12. Ba2 h5 13. O-O-O Qd7 14. Nh4 Ne6 15.
Nxg6 fxg6 16. Bxe6 Qxe6 17. Nd5 O-O-O 18. Bxb6 axb6 19. Rdf1 Rdf8 20. Kb1 Nd4
21. Qd2 hxg4 22. Qc3 c6 23. Nxb6+ Kb8 24. hxg4 Rxh1 25. Rxh1 Qxg4 26. Qa5 Qf3
27. Nd7+ Kc8 28. Nb6+ Kb8 29. Nd7+ Kc8 30. Nb6+ Kb8 1/2-1/2

[Event "Midland Ch Forrest Cup"]
[Site "Derby"]
[Date "1994.03.18"]
[Round "1"]
[White "Ledger, Andrew J"]
[Black "Nohre, Hakan VP"]
[Result "1/2-1/2"]
[WhiteElo "2376"]
[BlackElo "2048"]
[PlyCount "59"]
[EventDate "1994.03.18"]
[EventType "swiss"]
[EventRounds "6"]
[EventCountry "ENG"]
[SourceTitle "BritBase"]
[Source "John Saunders"]
[SourceDate "2022.11.28"]
[SourceVersion "1"]
[SourceVersionDate "2022.08.23"]
[SourceQuality "1"]

1. c4 c5 2. Nc3 Nc6 3. g3 g6 4. Bg2 Bg7 5. Nf3 e6 6. d4 cxd4 7. Nb5 d6 8. Nfxd4
Nxd4 9. Nxd4 Ne7 10. O-O O-O 11. b3 d5 12. cxd5 Nxd5 13. Bb2 Qa5 14. e3 Bd7 15.
a3 Rac8 16. b4 Qb6 17. Qd2 Rfd8 18. Rac1 Rxc1 19. Rxc1 Rc8 20. Rxc8+ Bxc8 21.
e4 Ne7 22. Nb3 Bxb2 23. Qxb2 Nc6 24. e5 Qc7 25. f4 Qb6+ 26. Qf2 Qa6 27. Qb2
Qb6+ 28. Kh1 a5 29. Bxc6 Qxc6+ 30. Qg2 1/2-1/2

[Event "Midland Ch Forrest Cup"]
[Site "Derby"]
[Date "1994.03.18"]
[Round "1"]
[White "Ledger, Stephen C"]
[Black "Webster, Richard J"]
[Result "1-0"]
[WhiteElo "2088"]
[BlackElo "155"]
[PlyCount "49"]
[EventDate "1994.03.18"]
[EventType "swiss"]
[EventRounds "6"]
[EventCountry "ENG"]
[SourceTitle "BritBase"]
[Source "John Saunders"]
[SourceDate "2022.11.28"]
[SourceVersion "1"]
[SourceVersionDate "2022.08.23"]
[SourceQuality "1"]

1. d4 d5 2. Nf3 Nf6 3. Bf4 Bf5 4. e3 h6 5. h3 e6 6. Nbd2 Nbd7 7. c4 Be7 8. Qb3
Qc8 9. Rc1 c6 10. Be2 O-O 11. O-O Ne8 12. g4 Be4 13. Nxe4 dxe4 14. Nd2 f5 15.
c5 Ndf6 16. gxf5 Nd5 17. Nxe4 Nxf4 18. exf4 Rxf5 19. Bg4 Kh8 20. Bxf5 exf5 21.
Ng3 Qd7 22. Qf7 Nf6 23. Rfe1 Re8 24. Re5 Qxd4 25. Nxf5 1-0

[Event "Midland Ch Forrest Cup"]
[Site "Derby"]
[Date "1994.03.18"]
[Round "1"]
[White "McSheehy, Nigel AP"]
[Black "Barnes, Michael H"]
[Result "1/2-1/2"]
[WhiteElo "1992"]
[BlackElo "2176"]
[PlyCount "79"]
[EventDate "1994.03.18"]
[EventType "swiss"]
[EventRounds "6"]
[EventCountry "ENG"]
[SourceTitle "BritBase"]
[Source "John Saunders"]
[SourceDate "2022.11.28"]
[SourceVersion "1"]
[SourceVersionDate "2022.08.23"]
[SourceQuality "1"]

1. d4 Nf6 2. c4 g6 3. Nc3 Bg7 4. e4 d6 5. Nge2 O-O 6. Ng3 e5 7. d5 a5 8. Be2
Na6 9. h4 h5 10. Bg5 Qe8 11. Qd2 Kh7 12. O-O-O Bd7 13. Nf1 Nc5 14. f3 Rh8 15.
Nh2 a4 16. Kb1 Kg8 17. Be3 Qb8 18. Bd3 Nxd3 19. Qxd3 b5 20. cxb5 Ra5 21. Rhe1
Kh7 22. Re2 Qb7 23. Ka1 Rb8 24. Rb1 Bxb5 25. Nxb5 Rxb5 26. Rc2 Nd7 27. Nf1 Bh6
28. Bf2 Qa6 29. Qc4 Rc8 30. Qc6 Nb6 31. Nd2 Qa5 32. Nc4 Nxc4 33. Rxc4 Kg7 34.
Be1 Qb6 35. Qxb6 Rxb6 36. Rxa4 Be3 37. Bc3 Rcb8 38. Rf1 R8b7 39. Rc4 f6 40. Kb1
1/2-1/2

[Event "Midland Ch Forrest Cup"]
[Site "Derby"]
[Date "1994.03.18"]
[Round "1"]
[White "Newton, Robert"]
[Black "Fisher, Roy C"]
[Result "0-1"]
[WhiteElo "2056"]
[BlackElo "1728"]
[PlyCount "124"]
[EventDate "1994.03.18"]
[EventType "swiss"]
[EventRounds "6"]
[EventCountry "ENG"]
[SourceTitle "BritBase"]
[Source "John Saunders"]
[SourceDate "2022.11.28"]
[SourceVersion "1"]
[SourceVersionDate "2022.08.23"]
[SourceQuality "1"]

1. e4 c6 2. d4 d5 3. exd5 cxd5 4. c4 Nf6 5. Nc3 g6 6. cxd5 Bg7 7. Bb5+ Nbd7 8.
Nf3 O-O 9. O-O Nb6 10. Re1 a6 11. Bf1 Nbxd5 12. h3 b5 13. a3 Bb7 14. Bg5 e6 15.
Ne5 Nxc3 16. bxc3 Qd5 17. Bxf6 Bxf6 18. Rb1 Rfc8 19. Qd3 Rc7 20. Qg3 Bxe5 21.
Rxe5 Qa2 22. Rbe1 Rac8 23. R5e3 Qd5 24. h4 Qf5 25. Be2 Bd5 26. h5 Kg7 27. Qh4
g5 28. h6+ Kh8 29. Qh2 Qf4 30. g3 Qf6 31. g4 Rc6 32. Qg3 Qxh6 33. Bf3 Rxc3 34.
Rxc3 Rxc3 35. Qb8+ Kg7 36. Bxd5 exd5 37. Qe5+ Qf6 38. Qxd5 Rxa3 39. Qc5 Ra4 40.
Re5 h6 41. Qc3 Qf4 42. d5 Qxg4+ 43. Kf1 Qd4 44. Qg3 Ra1+ 45. Kg2 Qd2 46. Rf5
Qd4 47. Qf3 f6 48. d6 Qxd6 49. Qb7+ Kg6 50. Qe4 Ra4 51. Qc2 Rc4 52. Qb1 Kg7 53.
Rf3 Qd5 54. Qe1 Rg4+ 55. Kf1 Qxf3 56. Qe7+ Kg6 57. Qe8+ Kf5 58. Qd7+ Ke5 59.
Qe7+ Kd4 60. Qd7+ Kc3 61. Qd2+ Kb3 62. Qc1 Qh1+ 0-1

[Event "Midland Ch Forrest Cup"]
[Site "Derby"]
[Date "1994.03.18"]
[Round "1"]
[White "Phillips, Alan"]
[Black "Jackson, Oliver A"]
[Result "0-1"]
[WhiteElo "1992"]
[BlackElo "2176"]
[PlyCount "74"]
[EventDate "1994.03.18"]
[EventType "swiss"]
[EventRounds "6"]
[EventCountry "ENG"]
[SourceTitle "BritBase"]
[Source "John Saunders"]
[SourceDate "2022.11.28"]
[SourceVersion "1"]
[SourceVersionDate "2022.08.23"]
[SourceQuality "1"]

1. g3 e5 2. Bg2 d5 3. d3 Nc6 4. c3 Be6 5. Nf3 f6 6. b4 Bd6 7. Nbd2 Nh6 8. Bb2
O-O 9. e4 d4 10. a3 dxc3 11. Bxc3 Be7 12. Qc2 Qd7 13. Nb3 Rad8 14. Rd1 Bg4 15.
O-O f5 16. Rd2 Qe6 17. Ne1 f4 18. f3 fxg3 19. hxg3 Bh5 20. Re2 b6 21. Qb2 Bf7
22. Na1 a5 23. Nac2 axb4 24. axb4 Ra8 25. d4 exd4 26. Nxd4 Nxd4 27. Bxd4 Qg6
28. Qc3 Qxg3 29. Nd3 Rfd8 30. f4 c5 31. bxc5 bxc5 32. Be3 Rxd3 33. Qxd3 Ng4 34.
Rc1 c4 35. Qd7 Qh2+ 36. Kf1 Nxe3+ 37. Rxe3 Qxf4+ 0-1

[Event "Midland Ch Forrest Cup"]
[Site "Derby"]
[Date "1994.03.19"]
[Round "2"]
[White "Barnes, Michael H"]
[Black "Grinsell, Lee A"]
[Result "1/2-1/2"]
[WhiteElo "2176"]
[BlackElo "1984"]
[PlyCount "58"]
[EventDate "1994.03.18"]
[EventType "swiss"]
[EventRounds "6"]
[EventCountry "ENG"]
[SourceTitle "BritBase"]
[Source "John Saunders"]
[SourceDate "2022.11.28"]
[SourceVersion "1"]
[SourceVersionDate "2022.08.23"]
[SourceQuality "1"]

1. d4 d5 2. Nf3 Nf6 3. c4 e6 4. Bg5 Nbd7 5. Nc3 Be7 6. e3 c6 7. Bd3 O-O 8. O-O
Re8 9. Qc2 Nf8 10. Rab1 dxc4 11. Bxc4 b6 12. Ne5 Bb7 13. f4 N6d7 14. Ne4 f6 15.
Nxd7 Qxd7 16. Bh4 Kh8 17. Rbd1 Rad8 18. a3 Qc8 19. f5 exf5 20. Ng3 f4 21. exf4
Qg4 22. Nf5 Bc8 23. Nxe7 Rxe7 24. Bg3 Bf5 25. Bd3 Bxd3 26. Rxd3 Re2 27. Qc3 Qd7
28. f5 Re4 29. Bf2 Qxf5 1/2-1/2

[Event "Midland Ch Forrest Cup"]
[Site "Derby"]
[Date "1994.03.19"]
[Round "2"]
[White "Burke, Steven J"]
[Black "Escott, Keith L"]
[Result "1/2-1/2"]
[WhiteElo "1968"]
[BlackElo "2000"]
[PlyCount "91"]
[EventDate "1994.03.18"]
[EventType "swiss"]
[EventRounds "6"]
[EventCountry "ENG"]
[SourceTitle "BritBase"]
[Source "John Saunders"]
[SourceDate "2022.11.28"]
[SourceVersion "1"]
[SourceVersionDate "2022.08.23"]
[SourceQuality "1"]

1. e4 c5 2. Nf3 e6 3. d4 cxd4 4. Nxd4 Nc6 5. Nc3 Qc7 6. Be3 a6 7. Be2 Nf6 8.
O-O Bb4 9. f3 Bxc3 10. bxc3 d6 11. Nxc6 bxc6 12. Bf4 e5 13. Bg5 Be6 14. Qd2 Nd7
15. Bh4 d5 16. exd5 Bxd5 17. c4 Be6 18. f4 exf4 19. Rxf4 O-O 20. Bg3 Qb6+ 21.
Bf2 c5 22. Qc3 Rab8 23. Be1 Qb2 24. a4 Rfd8 25. Bd3 Qxc3 26. Bxc3 Nf8 27. Rff1
f6 28. Rab1 Nd7 29. Rfe1 Rxb1 30. Rxb1 Rb8 31. Rb3 Bg4 32. a5 Kf7 33. Bd2 g6
34. Kf2 Ke6 35. Rxb8 Nxb8 36. Be3 Nc6 37. Bxc5 Nxa5 38. Bb6 Nc6 39. c5 Bf5 40.
Bxa6 Bxc2 41. Bc4+ Ke5 42. Ke3 f5 43. Bc7+ Kf6 44. Bd5 Ba4 45. Bxc6 Bxc6 46. g3
1/2-1/2

[Event "Midland Ch Forrest Cup"]
[Site "Derby"]
[Date "1994.03.19"]
[Round "2"]
[White "Cohen, Gerald M"]
[Black "Brown, Anthony J"]
[Result "1-0"]
[WhiteElo "2016"]
[BlackElo "2000"]
[PlyCount "162"]
[EventDate "1994.03.18"]
[EventType "swiss"]
[EventRounds "6"]
[EventCountry "ENG"]
[SourceTitle "BritBase"]
[Source "John Saunders"]
[SourceDate "2022.11.28"]
[SourceVersion "1"]
[SourceVersionDate "2022.08.23"]
[SourceQuality "1"]

1. d4 d5 2. c4 e6 3. Nc3 c6 4. cxd5 exd5 5. Bf4 Bd6 6. Bg3 Bxg3 7. hxg3 Bf5 8.
e3 Nf6 9. Nf3 Nbd7 10. Nh4 Bg4 11. f3 Bh5 12. g4 Bg6 13. Nxg6 fxg6 14. Bd3 Qe7
15. Bxg6+ Kd8 16. Qe2 Kc7 17. Bd3 g5 18. Kd2 Rad8 19. Rac1 Kb8 20. Kc2 c5 21.
dxc5 Nxc5 22. Kb1 Rhe8 23. Bb5 Rh8 24. Qf2 a6 25. Be2 Rhe8 26. Nd1 Rd7 27. Rh6
d4 28. exd4 Ne6 29. Qe3 Nxd4 30. Qxe7 Rexe7 31. Bc4 Ne8 32. Nc3 Nd6 33. Bd3 Re3
34. Rxh7 Rxh7 35. Bxh7 Ne2 36. Nd5 Re5 37. Rd1 Ng3 38. Kc2 Nc4 39. Kc3 b5 40.
Nb4 Re3+ 41. Bd3 Ne2+ 42. Kc2 Nd4+ 43. Kc1 Ne5 44. Kd2 Nxg4 45. fxg4 Rg3 46.
Nxa6+ Ka7 47. Nc5 Rxg4 48. Ke3 Kb6 49. Nd7+ Kc7 50. Nf6 Rxg2 51. Kxd4 Rxb2 52.
Nd5+ Kd6 53. Bb1 Rh2 54. Ke3 Ke5 55. Nc7 Rh3+ 56. Kf2 Rh2+ 57. Kg3 Rb2 58. Rd5+
Kf6 59. Rf5+ Ke7 60. Rxb5 Rd2 61. Rxg5 Kd7 62. Nd5 Rd4 63. Nc3 Rc4 64. Nb5 Rc1
65. Be4 Ra1 66. Rd5+ Ke7 67. Rd2 Ke6 68. Nc3 Rc1 69. Rc2 Rf1 70. a4 Ke5 71. Bd5
Ra1 72. Ra2 Rc1 73. Ra3 Rg1+ 74. Kf2 Rg7 75. a5 Kd4 76. a6 Rh7 77. a7 Rxa7 78.
Rxa7 Kxc3 79. Ke2 Kb4 80. Kd3 Kb5 81. Rb7+ Ka5 1-0

[Event "Midland Ch Forrest Cup"]
[Site "Derby"]
[Date "1994.03.19"]
[Round "2"]
[White "Downes, D."]
[Black "Cohen, Aron J"]
[Result "1-0"]
[WhiteElo "1952"]
[BlackElo "2152"]
[PlyCount "59"]
[EventDate "1994.03.18"]
[EventType "swiss"]
[EventRounds "6"]
[EventCountry "ENG"]
[SourceTitle "BritBase"]
[Source "John Saunders"]
[SourceDate "2022.11.28"]
[SourceVersion "1"]
[SourceVersionDate "2022.08.23"]
[SourceQuality "1"]

1. e4 d6 2. d4 Nf6 3. Nc3 g6 4. f4 Bg7 5. Nf3 c5 6. e5 Nfd7 7. Be3 O-O 8. e6
fxe6 9. Ng5 Nf6 10. dxc5 Nc6 11. g3 d5 12. Bh3 d4 13. Bxe6+ Kh8 14. Bxc8 dxc3
15. Bxb7 cxb2 16. Rb1 Qxd1+ 17. Kxd1 Rad8+ 18. Ke2 Nd5 19. Bxc6 Nc3+ 20. Kf2
Nxb1 21. Rxb1 Rc8 22. Be4 Bc3 23. Ke2 Rb8 24. Kd3 Bf6 25. c3 a5 26. Kc2 a4 27.
Rxb2 Rxb2+ 28. Kxb2 Rb8+ 29. Kc2 Kg7 30. c6 1-0

[Event "Midland Ch Forrest Cup"]
[Site "Derby"]
[Date "1994.03.19"]
[Round "2"]
[White "Fisher, Roy C"]
[Black "Alcock, Michael W"]
[Result "0-1"]
[WhiteElo "1728"]
[BlackElo "2160"]
[PlyCount "64"]
[EventDate "1994.03.18"]
[EventType "swiss"]
[EventRounds "6"]
[EventCountry "ENG"]
[SourceTitle "BritBase"]
[Source "John Saunders"]
[SourceDate "2022.11.28"]
[SourceVersion "1"]
[SourceVersionDate "2022.08.23"]
[SourceQuality "1"]

1. e4 Nf6 2. e5 Nd5 3. d4 d6 4. Bc4 Nb6 5. Bb3 Bf5 6. Qf3 Qc8 7. Bxf7+ Kxf7 8.
g4 Nc6 9. gxf5 dxe5 10. dxe5 Nxe5 11. Qe4 Nec4 12. Nc3 Nd6 13. Qf3 Qxf5 14. Be3
e6 15. O-O-O Be7 16. Qe2 Bf6 17. Rd3 Rhd8 18. Bd4 Qg5+ 19. f4 Qxf4+ 20. Be3 Qf5
21. Nf3 Ndc4 22. Nd4 Qe5 23. Nf3 Qa5 24. Rf1 Kg8 25. Bd4 Bxd4 26. Qxe6+ Kh8 27.
Nxd4 Qg5+ 28. Kb1 Nd2+ 29. Rxd2 Qxd2 30. Nf5 Qd7 31. Qe4 Rf8 32. a3 Rae8 0-1

[Event "Midland Ch Forrest Cup"]
[Site "Derby"]
[Date "1994.03.19"]
[Round "2"]
[White "Garabetyan, Arno"]
[Black "Cooper, Lawrence"]
[Result "1/2-1/2"]
[WhiteElo "1984"]
[BlackElo "2288"]
[PlyCount "105"]
[EventDate "1994.03.18"]
[EventType "swiss"]
[EventRounds "6"]
[EventCountry "ENG"]
[SourceTitle "BritBase"]
[Source "John Saunders"]
[SourceDate "2022.11.28"]
[SourceVersion "1"]
[SourceVersionDate "2022.08.23"]
[SourceQuality "1"]

1. d4 Nf6 2. c4 e6 3. Nf3 Bb4+ 4. Bd2 Qe7 5. g3 Nc6 6. Bg2 Bxd2+ 7. Nbxd2 d6 8.
O-O O-O 9. e4 e5 10. d5 Nb8 11. b4 a5 12. a3 Bg4 13. Qc2 Na6 14. Rab1 Bxf3 15.
Bxf3 axb4 16. axb4 c5 17. dxc6 bxc6 18. Rfd1 c5 19. b5 Nc7 20. Ra1 Ne6 21. Qb2
Nd4 22. Bg2 Nd7 23. Rxa8 Rxa8 24. Ra1 Qd8 25. Ra3 Nb6 26. Qa2 Rxa3 27. Qxa3 Qa8
28. Qxa8+ Nxa8 29. f4 Nb6 30. Kf2 Kf8 31. Bf1 Ke7 32. Nf3 f6 33. Ke3 Kd8 34.
Nh4 Kc7 35. Bd3 Nc8 36. Nf3 Kb6 37. h4 Ne7 38. Bf1 Ka5 39. fxe5 dxe5 40. Ne1
Kb6 41. Kd3 g6 42. Nc2 Nxc2 43. Kxc2 Nc8 44. Kd3 Nd6 45. Bh3 f5 46. Bg2 Kc7 47.
h5 Kb6 48. hxg6 hxg6 49. exf5 gxf5 50. Bd5 Kc7 51. Ke3 Nc8 52. Be6 Nd6 53. Bd5
1/2-1/2

[Event "Midland Ch Forrest Cup"]
[Site "Derby"]
[Date "1994.03.19"]
[Round "2"]
[White "Gilmore, Simon N"]
[Black "Phillips, Alan"]
[Result "1/2-1/2"]
[WhiteElo "1920"]
[BlackElo "1992"]
[PlyCount "51"]
[EventDate "1994.03.18"]
[EventType "swiss"]
[EventRounds "6"]
[EventCountry "ENG"]
[SourceTitle "BritBase"]
[Source "John Saunders"]
[SourceDate "2022.11.28"]
[SourceVersion "1"]
[SourceVersionDate "2022.08.23"]
[SourceQuality "1"]

1. e4 e5 2. Nf3 Nc6 3. Bb5 f5 4. d3 fxe4 5. dxe4 Nf6 6. Nc3 Bb4 7. O-O Bxc3 8.
bxc3 Qe7 9. Qd3 O-O 10. Bc4+ Kh8 11. a4 d6 12. Rb1 Nd8 13. Nh4 Nh5 14. g3 Bh3
15. Ng2 Bd7 16. f4 exf4 17. gxf4 Bc6 18. Qh3 Qxe4 19. Bd3 Qxg2+ 20. Qxg2 Bxg2
21. Kxg2 b6 22. Be4 Rb8 23. a5 Ne6 24. axb6 axb6 25. f5 Nc5 26. Bc6 1/2-1/2

[Event "Midland Ch Forrest Cup"]
[Site "Derby"]
[Date "1994.03.19"]
[Round "2"]
[White "Hebden, Mark L"]
[Black "Ledger, Stephen C"]
[Result "1-0"]
[WhiteElo "2544"]
[BlackElo "2088"]
[PlyCount "113"]
[EventDate "1994.03.18"]
[EventType "swiss"]
[EventRounds "6"]
[EventCountry "ENG"]
[SourceTitle "BritBase"]
[Source "John Saunders"]
[SourceDate "2022.11.28"]
[SourceVersion "1"]
[SourceVersionDate "2022.08.23"]
[SourceQuality "1"]

1. d4 Nf6 2. Nf3 g6 3. Nc3 d5 4. Bf4 c6 5. e3 Bg4 6. Be2 Bg7 7. Ne5 Bxe2 8.
Qxe2 Nh5 9. h4 Nxf4 10. exf4 Nd7 11. h5 e6 12. O-O-O Nxe5 13. fxe5 Qg5+ 14. Kb1
O-O-O 15. g3 Rde8 16. Rd3 Qe7 17. h6 Bf8 18. Rf3 Qc7 19. Rf6 Bb4 20. Nd1 Rhf8
21. Qf3 Bd2 22. Ne3 Bxe3 23. Qxe3 Kd8 24. Rh4 Re7 25. Rhf4 Ke8 26. Rf3 Rg8 27.
a3 Rf8 28. Qg5 Qd8 29. Qf4 Kd7 30. g4 Qe8 31. Qg5 Kc8 32. R6f4 a6 33. Qf6 Rg8
34. Qg5 Kd7 35. Kc1 Rf8 36. Kd2 Kc7 37. Ke1 Rd7 38. Kf1 Qe7 39. Rf6 Kd8 40. Kg2
Ke8 41. Kg3 Rc7 42. Rc3 c5 43. dxc5 Rxc5 44. Qe3 Rxc3 45. Qxc3 Qd7 46. Rf3 Kd8
47. Qc5 Qe7 48. Qa7 Qc7 49. Qd4 f6 50. g5 f5 51. Rc3 Qb8 52. f4 Kd7 53. Qa4+
Ke7 54. Rb3 Qa7 55. Qb4+ Ke8 56. Qb6 Qxb6 57. Rxb6 1-0